| 000 | 00616nam a2200181 4500 | ||
|---|---|---|---|
| 001 | 121214 | ||
| 003 | ES-MaACL | ||
| 005 | 20230906191718.0 | ||
| 007 | t| | ||
| 008 | 070214s1959 cu r ||||1| spa d | ||
| 100 | 1 |
_aPonte Domínguez, Francisco J. _993053 |
|
| 245 | 1 | 0 |
_aMatanzas _b: (biografía de una provincia) / _cFrancisco J. Ponte Domínguez. |
| 260 |
_aLa Habana : _b[s.n.], _c1959 ( _fImp. El Siglo XX) |
||
| 300 |
_a354 p., 6 lám. ; _c25 cm. |
||
| 500 | _aPrecede al Tit : Academia de la Historia de Cuba. | ||
| 710 | 2 |
_aAcademia de la Historia de Cuba. _91183 |
|
| 852 |
_aES-MaACL _jC-19890 _bR.47518 |
||
| 999 |
_c121214 _d121214 |
||